Les nombres du permis de conduire - Statistiques

Statistiques générales
  • Ce quiz a été pris 84 fois
  • Le résultat moyen est 7 sur 15
Statistiques - réponses
Hint Réponse % Correct
Quel est le nombre minimum de points nécessaires pour réussir l'examen pratique du permis de conduire catégorie B? 20
85%
À partir de quel âge peut-on passer le permis de conduire catégorie B en conduite accompagnée? 17
83%
Quelle est la durée de validité du permis de conduire pour les catégories A et B ? (Nombre d'années) 15
62%
De combien de points disposent un jeune conducteur lors de la première année après l'obtention de son permis de conduire? 6
49%
En quelle année le format du permis de conduire catégorie B a-t-il changé en France? 2013
48%
Jusqu'en quelle année les permis de conduire catégorie B ancien format seront-ils valides? 2033
45%
En millions, combien de personnes disposent d'un permis B de conduire en France (À 10 millions près). 48
45%
En 2023, le Val-de-Marne est le département avec le moins bon taux de réussite à l'examen du permis de conduire catégorie B. À 5% près, quel est ce taux de réussite? 43
41%
Quelle est la proportion d'échecs parmi les personnes se présentant à l'examen du permis de conduire? (En 2021. À 5 points de pourcentage près) 58
41%
En 2022, quel fut le taux de réussite à l'examen du permis de conduire moto? (À 5% près) 85
41%
Quelle est la proportion de femmes parmi les personnes se présentant à l'examen du permis de conduire? (En 2022. À 5 points de pourcentage près) 50
39%
En 2023, la Lozère est le département avec le meilleur taux de réussite à l'examen du permis de conduire catégorie B. À 5% près, quel est ce taux de réussite? 72
39%
Quelle est la proportion de personnes ayant encore 11 ou 12 points sur leur permis de conduire catégorie B en 2021? (À 5 points de pourcentage près) 89
35%
En 2024, combien de personnes roulent sans permis de conduire catégorie B? (En milliers, à 100 000 près) (Source: ONISR) 580
6%
En milliers, combien de permis de conduire catégorie B ont été délivrés en 2021? (À 100 000 près) 896
3%
Aucun quiz correspondant
Distribution des résultats
% des personnes avec chaque résultat
Percentile par nombre de réponses
Votre historique - résultats
Vous n’avez pas pris ce quiz